00329nam a22001457a 4500003000400000005001700004008004100021020001500062040000700077082001300084100001000097245004300107260002500150300000800175OSt20211004144336.0211004b |||||||| |||| 00| 0 eng d a0898380014 chu a301.4442 aelden aworking on the quality of working life anew werkbhallc1979 a367